000 00476cam a22001337a 4500
008 180718b2000 xxu||||| |||| 00| 0 eng d
100 _aLikshin, Michael
245 _aSingle mothers in Russia: houshelod strategies for coping with poverty
_cby Michael Lokshin, Kathleen Mullan Harris and Barry Popkin
260 _aWashington, D.C.
_bWorld Bank
_c2000
300 _a26p.
440 _aPolicy research working paepr 2300
700 _aPopkin, Barry
700 _aHarris, Kathleen
999 _c283326
_d283326